Velykden' očamy mojoj babky

Bibliographic Details
Main Author: Semancová, Petra, 1987- (Author)
Format: Article
Language:Ukrainian
Subjects:

MARC

LEADER 00000cab a2200000 a 4500
001 vtls009318907
003 SK-MaSNL
005 20260318121908.0
008 080806c2008 xo wr p 000 c0ukr
015 |a SNBRB2008/08 
038 |a SVKPOCL 
040 |a SVKPO  |b slo  |c SVKPO  |e AACR2 
041 0 |a ukr 
044 |a xo  |c SK 
080 |a 398.332.12  |2 2001 
100 1 |a Semancová, Petra,  |d 1987-  |4 aut  |9 155535 
245 1 0 |a Velykden' očamy mojoj babky  |c Petra Semancjova, Čertižne 
650 0 7 |a Veľká noc  |2 svkpocl  |9 3414 
650 0 7 |a spomienky  |2 svkpocl  |9 55795 
651 7 |a Čertižné (Slovensko)  |2 svkpocl  |9 51198 
651 7 |a Medzilaborce (Slovensko : okres)  |2 svkpocl  |9 29394 
773 0 |t Narodny novynky  |g Roč. XVIII, č. 9-12 (2008) 
773 0 8 |i Príl.:  |t Rusalka  |g Č. 1 (2008), s. [3] 
852 |a SVKPO  |b KIS3GCP 
856 4 1 |a http://narodny-novynky.presov.sk 
958 |a RN 
958 |a SK 
999 |c 3255098  |d 3257028